000 01605nam0a2200337 4500
001 RU\NLR\BIBL_A\011861596
005 20210531164637.0
010 _a978-5-9909621-4-9
_9130
021 _aRU
_bКН-П-18-077862
_9КН-П-18-5633
035 _a(NLR Aleph) 011861596
035 _a(RuMoRGB)009778097
090 _a12156833
_c12156833
100 _a20181113d2018 u y0rusy50 ca
101 0 _arus
102 _aRU
105 _ay|||zzzz000zb
200 1 _aАлександр Грин: жизнь и мир писателя
_eстатьи, очерки, исследования
_fФеодосийский литературно-мемориальный музей А. С. Грина
_g[составитель: Алла Ненада]
210 _aФеодосия
_cАрт Лайф
_d2018
215 _a190 с.
_d21
320 _aБиблиогр. в конце разделов и в подстроч. примеч.
600 1 _aГрин
_bА. С.
_gАлександр Степанович
_f1880 - 1932
_jСборники
_2nlr_sh1
_2nlr_sh2
_3RU\NLR\AUTH\66254931
686 1 _aШ5(2=Р)7-4Грин
702 1 _aГрин
_bА. С.
_f1880-1932
_gАлександр Степанович
_3RU\NLR\AUTH\7712241
_4570
702 1 _aНенада
_bА. А.
_gАлла Алексеевна
_4220
712 0 2 _aФеодосийский литературно-мемориальный музей А. С. Грина
_3RU\NLR\AUTH\880488300
_4570
942 _cBOOK
980 _aNBR
980 _aNB